Normal view MARC view
  • AutoCAD.

Entry Uniform Title

Number of records used in: 13

001 - CONTROL NUMBER

  • control field: 6344

003 - CONTROL NUMBER IDENTIFIER

  • control field: NUST

005 - DATE AND TIME OF LATEST TRANSACTION

  • control field: 20171114092840.0

008 - FIXED-LENGTH DATA ELEMENTS

  • fixed length control field: 171114|| aca||aabn | a|a d

040 ## - CATALOGING SOURCE

  • Original cataloging agency: NUST
  • Transcribing agency: NUST

130 ## - HEADING--UNIFORM TITLE

  • Uniform title: AutoCAD.

670 ## - SOURCE DATA FOUND

  • Source citation: Work cat.: (NUST)0: Dix, Mark, 1948- 6343, Discovering AutoCAD 2004 /, c2004.
© 2023 Central Library, National University of Sciences and Technology. All Rights Reserved.